Short Term Memory Test - Super Smash Bros. Characters - Statistics

General Stats
  • This quiz has been taken 132 times
  • The average score is 6 of 10
Answer Stats
Character % Correct
Alph
100%
Bowser
100%
Chrom
100%
Incineroar
100%
Inkling
100%
Kazuya
100%
Lucario
100%
Luigi
100%
Mario
100%
Meta Knight
100%
Mii Swordfighter
100%
Peach
100%
R.O.B.
100%
Sora
100%
Terry
100%
Wario
100%
Dark Samus
83%
Hero
83%
Bowser Jr.
80%
Corrin
80%
Shulk
80%
Diddy Kong
75%
Ganondorf
75%
Olimar
75%
Pac-Man
75%
Sephiroth
75%
Squirtle
75%
Wii Fit Trainer
75%
Zelda
75%
Alex
67%
Little Mac
67%
Mythra
67%
Pit
67%
Pyra
67%
Ridley
67%
Sonic
67%
Toon Link
67%
Samus
63%
Falco
60%
Ivysaur
60%
Joker
60%
Ken
60%
Morton
60%
Palutena
60%
Bayonetta
57%
Banjo & Kazooie
50%
Captain Falcon
50%
Fox
50%
Ike
50%
Isabelle
50%
Kirby
50%
Larry
50%
Link
50%
Lucas
50%
Lucina
50%
Ludwig
50%
Marth
50%
Richter
50%
Robin
50%
Roy
50%
Snake
50%
Wendy
50%
Zero Suit Samus
43%
Enderman
40%
Greninja
40%
Ice Climbers
40%
King K. Rool
40%
Lemmy
40%
Mii Brawler
40%
Yoshi
40%
Cloud
33%
Daisy
33%
Mewtwo
33%
Pichu
33%
Pikachu
33%
Piranha Plant
33%
Pokemon Trainer
33%
Ryu
33%
Villager
33%
Ness
25%
Roy
25%
Wolf
25%
Dark Pit
20%
Jigglypuff
14%
Byleth
0%
Charizard
0%
Donkey Kong
0%
Dr. Mario
0%
Duck Hunt
0%
Iggy
0%
King Dedede
0%
Mega Man
0%
Mii Gunner
0%
Mr. Game and Watch
0%
Rosalina
0%
Sheik
0%
Simon
0%
Steve
0%
Young Link
0%
Zombie
0%
No matching quizzes found
Score Distribution
Percent of People with Each Score
Percentile by Number Answered
Your Score History
You have not taken this quiz